| 000 | 00839nam a22001817a 4500 | ||
|---|---|---|---|
| 999 |
_c62843 _d62843 |
||
| 003 | Ge_BSU | ||
| 005 | 20250307112326.0 | ||
| 008 | 250307s2000 ge ||||| |||| 00| 0 geo d | ||
| 041 | _ageo | ||
| 080 | _a617-089(075.8) გ-82 | ||
| 100 |
_aგრიგოლია, ნოდარ _93225 |
||
| 245 |
_aქირურგიული დაავადებები : _bსახელმძღვ. სამედ. უნ-ტის სტუდენტებისათვის / _cნოდარ გრიგოლია ; თბილ. სახელმწ. სამედ. უნ-ტი. |
||
| 264 |
_aთბ., _c2000. |
||
| 300 |
_a696 გვ. : _bსურ. ; _c27 სმ. |
||
| 653 | _aქირურგიული დაავადებები | ||
| 653 | _aმედიცინა | ||
| 942 |
_2udc _cᲬᲘᲒᲜᲘ |
||